Tilastot visalle Maiden kanssa osittainen Satelliittikuva #3

Klikkaa tästä pelataksesi tätä visaa!

Yleistilastot

  • Tätä visaa on pelattu 23 kertaa
  • Keskiarvotulos 8 / 15

Vastaustilastot

Vastaus% Oikein
Norja
93%
Egypti
86%
Islanti
86%
Kanada
71%
Chile
64%
Venäjä
64%
Australia
57%
Kiina
57%
Intia
50%
Irlanti
50%
Alankomaat
43%
Haiti
43%
Yhdysvallat
36%
Thaimaa
29%
Senegal
14%

Tulosjakauma

Persentiili vastausten määrän mukaan

Jokaisen tuloksen saaneiden osuus

Tuloshistoriasi

Et ole pelannut tätä visaa